Score 0/8 Timer 03:00
0 Plays Today
% Correct
Spider
98.8%
Wilbur
84.1%
Rat
74.6%
Some pig
57.3%
Fern Arable
50.3%
Terrific
42.3%
Humble
26%
Radiant
25.8%

You're not logged in!

Compare scores with friends on all Sporcle quizzes.
OR
Log In

Sporcle TV

Today on Sporcle TV


Watch our educational content, quiz creation guides, and fun videos on Sporcle TV.

Show Comments

Extras

Top Quizzes Today


Score Distribution

Paid Content

Your Account Isn't Verified!

In order to create a playlist on Sporcle, you need to verify the email address you used during registration. Go to your Sporcle Settings to finish the process.

Report this User

Report this user for behavior that violates our Community Guidelines.

Details: